[Event "Bundesliga 9900"]
[Site "Deutschland"]
[Date "2000.03.13"]
[Round "13.7"]
[White "Jackelen, Thomas"]
[Black "Kachiani Gersinska, Ketino"]
[Result "0-1"]
[WhiteElo "2368"]
[BlackElo "2437"]
[PlyCount "142"]
[EventDate "1999.10.09"]
[EventType "team"]
[EventRounds "15"]
[EventCountry "GER"]
[SourceTitle "Bundesliga 9900"]
[Source "DeepChess"]
[SourceDate "2005.01.01"]
[SourceVersion "1"]
[SourceVersionDate "2005.01.01"]
[SourceQuality "1"]
[WhiteTeam "Godesberger SK 1929"]
[BlackTeam "TV Tegernsee"]
[WhiteTeamCountry "GER"]
[BlackTeamCountry "GER"]

1. Nf3 Nf6 2. c4 g6 3. Nc3 Bg7 4. e4 d6 5. d4 O-O 6. Be2 e5 7. O-O Nc6 8. Be3
Ng4 9. Bg5 f6 10. Bc1 Kh8 11. h3 exd4 12. Nxd4 Nxd4 13. Qxd4 f5 14. Qd1 Ne5 15.
exf5 Bxf5 16. Be3 Qh4 17. f4 Qg3 18. Bf2 Qxf4 19. Nd5 Qg5 20. Be3 Qd8 21. Qd2
Qd7 22. Bg5 c6 23. Nc3 Be6 24. b3 d5 25. cxd5 cxd5 26. Rad1 d4 27. Ne4 Bf5 28.
Nf2 Rac8 29. Nd3 Nf7 30. Bf4 Rc3 31. Ne1 b5 32. Bd3 Rc5 33. Bxf5 Rxf5 34. Nd3
h5 35. Rfe1 g5 36. Bh2 g4 37. Nf4 Re8 38. Rxe8+ Qxe8 39. Re1 Qc6 40. hxg4 hxg4
41. Qd3 Nh6 42. Ne6 Qc3 43. Qxc3 dxc3 44. Nxg7 Kxg7 45. Be5+ Kf7 46. Bxc3 Rd5
47. Kf2 Nf5 48. Ke2 Ke6 49. a4 a6 50. axb5 axb5 51. Ra1 Nh4 52. Rg1 Kd7 53. Ke3
Ke6 54. Ke4 Rc5 55. Kd3 Rd5+ 56. Ke4 Rc5 57. Kd3 Rf5 58. Ke3 g3 59. Be1 Re5+
60. Kf4 Nxg2+ 61. Rxg2 Rxe1 62. Rxg3 Kd5 63. Rg5+ Kc6 64. b4 Rb1 65. Ke5 Rxb4
66. Rg6+ Kc5 67. Rg8 Rh4 68. Rc8+ Kb4 69. Kd5 Kb3 70. Rg8 b4 71. Kc5 Kb2 0-1

[Event "Bundesliga 9900"]
[Site "Deutschland"]
[Date "2000.03.13"]
[Round "13.2"]
[White "Kempinski, Robert"]
[Black "Kindermann, Stefan"]
[Result "1-0"]
[WhiteElo "2528"]
[BlackElo "2528"]
[PlyCount "79"]
[EventDate "1999.10.09"]
[EventType "team"]
[EventRounds "15"]
[EventCountry "GER"]
[SourceTitle "Bundesliga 9900"]
[Source "DeepChess"]
[SourceDate "2005.01.01"]
[SourceVersion "1"]
[SourceVersionDate "2005.01.01"]
[SourceQuality "1"]
[WhiteTeam "Hamburger SK 1830 e.V."]
[BlackTeam "SK Koenig Plauen"]
[WhiteTeamCountry "GER"]
[BlackTeamCountry "GER"]

1. d4 Nf6 2. c4 g6 3. Nc3 Bg7 4. Nf3 O-O 5. e4 d6 6. Be2 e5 7. d5 Na6 8. Bg5 h6
9. Bh4 g5 10. Bg3 Nxe4 11. Nxe4 f5 12. Nfd2 fxe4 13. Nxe4 Bf5 14. Bd3 Qe8 15.
Qe2 Qg6 16. a3 c6 17. Rd1 cxd5 18. cxd5 Rac8 19. b4 Nc7 20. f3 Kh8 21. Bb1 a6
22. a4 g4 23. O-O gxf3 24. Rxf3 Bg4 25. Nc5 Bxf3 26. gxf3 Qf7 27. Qd3 Bf6 28.
Nxb7 Be7 29. f4 exf4 30. Bxf4 Qg7+ 31. Bg3 Ne8 32. Kh1 Rc3 33. Qg6 Qxg6 34.
Bxg6 Rc7 35. Na5 Nf6 36. Nc6 Nxd5 37. Nxe7 Nxe7 38. Bxd6 Ra7 39. Bd3 Rg8 40.
Be5+ 1-0

[Event "Bundesliga 9900"]
[Site "Deutschland"]
[Date "2000.03.13"]
[Round "13.3"]
[White "Gdanski, Jacek"]
[Black "Wahls, Matthias"]
[Result "1/2-1/2"]
[WhiteElo "2535"]
[BlackElo "2579"]
[PlyCount "76"]
[EventDate "1999.10.09"]
[EventType "team"]
[EventRounds "15"]
[EventCountry "GER"]
[SourceTitle "Bundesliga 9900"]
[Source "DeepChess"]
[SourceDate "2005.01.01"]
[SourceVersion "1"]
[SourceVersionDate "2005.01.01"]
[SourceQuality "1"]
[WhiteTeam "SK Koenig Plauen"]
[BlackTeam "Hamburger SK 1830 e.V."]
[WhiteTeamCountry "GER"]
[BlackTeamCountry "GER"]

1. e4 c5 2. Nf3 d6 3. d4 cxd4 4. Nxd4 Nf6 5. Nc3 a6 6. f4 g6 7. Nf3 Bg7 8. Bd3
Qb6 9. Qe2 O-O 10. Qf2 Qxf2+ 11. Kxf2 b5 12. Re1 Bb7 13. h3 Nbd7 14. e5 dxe5
15. fxe5 Nd5 16. Be4 N7b6 17. a4 b4 18. a5 bxc3 19. axb6 Rfb8 20. bxc3 Nxb6 21.
Ba3 Bxe4 22. Rxe4 Nd5 23. c4 Nb4 24. Rd1 Bf8 25. e6 f5 26. Re2 a5 27. Rd7 Rc8
28. c3 Nc6 29. Nd4 Ra6 30. Re1 a4 31. Nxc6 Rcxc6 32. Bxe7 Rxe6 33. Rxe6 Rxe6
34. Bxf8 Kxf8 35. Ra7 f4 36. Rxa4 Re3 37. c5 Rxc3 38. Rxf4+ Kg7 1/2-1/2

[Event "Bundesliga 9900"]
[Site "Deutschland"]
[Date "2000.03.13"]
[Round "13.5"]
[White "Espig, Lutz"]
[Black "Heinemann, Thies"]
[Result "1/2-1/2"]
[WhiteElo "2402"]
[BlackElo "2479"]
[PlyCount "121"]
[EventDate "1999.10.09"]
[EventType "team"]
[EventRounds "15"]
[EventCountry "GER"]
[SourceTitle "Bundesliga 9900"]
[Source "DeepChess"]
[SourceDate "2005.01.01"]
[SourceVersion "1"]
[SourceVersionDate "2005.01.01"]
[SourceQuality "1"]
[WhiteTeam "SK Koenig Plauen"]
[BlackTeam "Hamburger SK 1830 e.V."]
[WhiteTeamCountry "GER"]
[BlackTeamCountry "GER"]

1. Nf3 c5 2. c4 Nf6 3. Nc3 d6 4. d4 cxd4 5. Nxd4 g6 6. e4 Bg7 7. Be2 O-O 8. O-O
Nc6 9. Be3 Nxd4 10. Bxd4 Bd7 11. Qd2 Bc6 12. f3 Qa5 13. Rac1 Rfc8 14. Rfd1 Nd7
15. Be3 Nc5 16. b3 Qb6 17. Nb5 a5 18. Rc2 Qd8 19. Bf1 Qf8 20. Nd4 h5 21. Nxc6
Rxc6 22. g3 Kh7 23. Bg2 Bh6 24. f4 e5 25. Rf1 Qg7 26. h4 Raa6 27. f5 Rc7 28.
fxg6+ fxg6 29. Bxh6 Qxh6 30. Qd5 Rg7 31. Rc3 g5 32. hxg5 Rxg5 33. Rf7+ Rg7 34.
Bh3 Ra8 35. Rcf3 Rag8 36. Kh2 Kh8 37. R7f6 Rg6 38. Qxd6 Rxf6 39. Qxf6+ Qxf6 40.
Rxf6 Nxe4 41. Rh6+ Kg7 42. Rxh5 Re8 43. Kg2 b6 44. Bf5 Nc5 45. Kf3 Rd8 46. Ke3
Rd1 47. Bc2 Ra1 48. Rxe5 Rxa2 49. Bd1 Ra3 50. Re7+ Kf6 51. Rc7 Ke5 52. Rc6 Nxb3
53. Rxb6 Nc5+ 54. Kd2 Rxg3 55. Rh6 Ne4+ 56. Kc1 Rg1 57. Rh5+ Kd4 58. Rxa5 Nc3
59. Kc2 Kxc4 60. Bf3 Rf1 61. Ra4+ 1/2-1/2

[Event "Bundesliga 9900"]
[Site "Deutschland"]
[Date "2000.03.13"]
[Round "13.6"]
[White "Hansen, Sune Berg"]
[Black "Hackel, Mario"]
[Result "1-0"]
[WhiteElo "2551"]
[BlackElo "2353"]
[PlyCount "95"]
[EventDate "1999.10.09"]
[EventType "team"]
[EventRounds "15"]
[EventCountry "GER"]
[SourceTitle "Bundesliga 9900"]
[Source "DeepChess"]
[SourceDate "2005.01.01"]
[SourceVersion "1"]
[SourceVersionDate "2005.01.01"]
[SourceQuality "1"]
[WhiteTeam "Hamburger SK 1830 e.V."]
[BlackTeam "SK Koenig Plauen"]
[WhiteTeamCountry "GER"]
[BlackTeamCountry "GER"]

1. e4 g6 2. d4 Bg7 3. Nf3 d6 4. c3 Nf6 5. Bd3 O-O 6. O-O Nc6 7. Re1 e5 8. h3
Nh5 9. Be3 Kh8 10. Na3 a6 11. Nc2 Qe8 12. dxe5 dxe5 13. Bc5 Ne7 14. Bc4 b6 15.
Bxe7 Qxe7 16. Bd5 Rb8 17. Nb4 Bd7 18. Nxa6 Rbc8 19. Nb4 c6 20. Bc4 Nf4 21. Bf1
Rfd8 22. Nd3 Bxh3 23. gxh3 Rxd3 24. Bxd3 Rd8 25. Re3 Nxh3+ 26. Kg2 Nf4+ 27. Kf1
c5 28. Qc2 Qd7 29. Ne1 Qg4 30. Rg3 Qh4 31. Kg1 Nh3+ 32. Rxh3 Qxh3 33. Be2 Bh6
34. Rd1 Rxd1 35. Qxd1 Bf4 36. Nf3 Qg4+ 37. Kf1 Qh3+ 38. Ke1 Qh1+ 39. Bf1 Kg7
40. Ke2 g5 41. Qd7 h5 42. Qf5 f6 43. Ne1 g4 44. Bg2 Qh2 45. Kf1 Bg5 46. Nd3 Bf4
47. c4 Bg5 48. a3 1-0

[Event "Bundesliga 9900"]
[Site "Deutschland"]
[Date "2000.03.13"]
[Round "13.7"]
[White "Schaller, Sven"]
[Black "Gustafsson, Jan"]
[Result "0-1"]
[WhiteElo "2308"]
[BlackElo "2484"]
[PlyCount "92"]
[EventDate "1999.10.09"]
[EventType "team"]
[EventRounds "15"]
[EventCountry "GER"]
[SourceTitle "Bundesliga 9900"]
[Source "DeepChess"]
[SourceDate "2005.01.01"]
[SourceVersion "1"]
[SourceVersionDate "2005.01.01"]
[SourceQuality "1"]
[WhiteTeam "SK Koenig Plauen"]
[BlackTeam "Hamburger SK 1830 e.V."]
[WhiteTeamCountry "GER"]
[BlackTeamCountry "GER"]

1. c4 e5 2. g3 Nf6 3. Bg2 Nc6 4. d3 d5 5. cxd5 Nxd5 6. Nc3 Be6 7. Nf3 Be7 8.
O-O O-O 9. Ne4 h6 10. d4 exd4 11. Nxd4 Nxd4 12. Qxd4 Nf4 13. Nf6+ Bxf6 14. Qxf4
c6 15. Be4 Re8 16. Bc2 Qd4 17. Qxd4 Bxd4 18. Rd1 Rad8 19. Be3 Bxe3 20. fxe3 Kf8
21. a3 Ke7 22. Kf2 Rxd1 23. Rxd1 Rd8 24. Bd3 c5 25. Ke1 c4 26. Be4 Rxd1+ 27.
Kxd1 b6 28. Kd2 Kd6 29. Kc3 Kc5 30. Bb1 b5 31. Bc2 a5 32. Kd2 b4 33. axb4+ axb4
34. Ba4 Bd5 35. Bd7 Kd6 36. Ba4 Ke5 37. Bd7 Ke4 38. Bg4 g6 39. Bd7 Ke5 40. Be8
Kf5 41. Bd7+ Kg5 42. e4 Be6 43. Bxe6 fxe6 44. Ke3 e5 45. h3 h5 46. Kd2 h4 0-1

[Event "Bundesliga 9900"]
[Site "Deutschland"]
[Date "2000.03.13"]
[Round "13.8"]
[White "Reeh, Oliver"]
[Black "Sandner, Gunter"]
[Result "1/2-1/2"]
[WhiteElo "2399"]
[BlackElo "2361"]
[PlyCount "54"]
[EventDate "1999.10.09"]
[EventType "team"]
[EventRounds "15"]
[EventCountry "GER"]
[SourceTitle "Bundesliga 9900"]
[Source "DeepChess"]
[SourceDate "2005.01.01"]
[SourceVersion "1"]
[SourceVersionDate "2005.01.01"]
[SourceQuality "1"]
[WhiteTeam "Hamburger SK 1830 e.V."]
[BlackTeam "SK Koenig Plauen"]
[WhiteTeamCountry "GER"]
[BlackTeamCountry "GER"]

1. e4 c5 2. Nf3 Nc6 3. d4 cxd4 4. Nxd4 Nf6 5. Nc3 e5 6. Ndb5 d6 7. a4 Be6 8.
Bg5 Nb4 9. Bxf6 gxf6 10. Nd5 Nxd5 11. exd5 Bd7 12. Be2 a6 13. Nc3 f5 14. g3 Bg7
15. Ra3 O-O 16. O-O Qg5 17. Rb3 Rab8 18. Kh1 Kh8 19. Rb6 Qh6 20. f4 Rfe8 21.
Bd3 exf4 22. Rxf4 Be5 23. Rh4 Qg7 24. Ne2 Bf6 25. Rf4 Be5 26. Rh4 Bf6 27. Rf4
Be5 1/2-1/2

[Event "Bundesliga 9900"]
[Site "Deutschland"]
[Date "2000.03.13"]
[Round "13.1"]
[White "Onischuk, Alexander"]
[Black "Epishin, Vladimir"]
[Result "1/2-1/2"]
[WhiteElo "2655"]
[BlackElo "2655"]
[PlyCount "37"]
[EventDate "1999.10.09"]
[EventType "team"]
[EventRounds "15"]
[EventCountry "GER"]
[SourceTitle "Bundesliga 9900"]
[Source "DeepChess"]
[SourceDate "2005.01.01"]
[SourceVersion "1"]
[SourceVersionDate "2005.01.01"]
[SourceQuality "1"]
[WhiteTeam "USC Magdeburg"]
[BlackTeam "PSV Turm Duisburg 1920 e.V."]
[WhiteTeamCountry "GER"]
[BlackTeamCountry "GER"]

1. d4 Nf6 2. c4 e6 3. Nc3 Bb4 4. Qc2 O-O 5. a3 Bxc3+ 6. Qxc3 b6 7. Bg5 Bb7 8.
Nf3 d6 9. Nd2 Nbd7 10. f3 Rc8 11. e3 c5 12. dxc5 Rxc5 13. Bh4 Rc8 14. Be2 d5
15. O-O Ba6 16. a4 Ne4 17. Nxe4 Qxh4 18. Nd6 Rc7 19. b3 1/2-1/2

[Event "Bundesliga 9900"]
[Site "Deutschland"]
[Date "2000.03.13"]
[Round "13.2"]
[White "Nevednichy, Vladislav"]
[Black "Slobodjan, Roman"]
[Result "1-0"]
[WhiteElo "2535"]
[BlackElo "2550"]
[PlyCount "109"]
[EventDate "1999.10.09"]
[EventType "team"]
[EventRounds "15"]
[EventCountry "GER"]
[SourceTitle "Bundesliga 9900"]
[Source "DeepChess"]
[SourceDate "2005.01.01"]
[SourceVersion "1"]
[SourceVersionDate "2005.01.01"]
[SourceQuality "1"]
[WhiteTeam "PSV Turm Duisburg 1920 e.V."]
[BlackTeam "USC Magdeburg"]
[WhiteTeamCountry "GER"]
[BlackTeamCountry "GER"]

1. e4 e5 2. Nf3 Nc6 3. Bc4 Be7 4. O-O Nf6 5. d3 O-O 6. Bb3 d6 7. c3 h6 8. h3
Kh8 9. Re1 Nh7 10. d4 Bf6 11. Be3 Ng5 12. Nbd2 Qe7 13. Bc2 Bd7 14. d5 Nb8 15.
a4 a5 16. b4 g6 17. bxa5 Rxa5 18. Nc4 Ra8 19. Nh2 h5 20. Qd2 Bc8 21. a5 Nh7 22.
Rab1 Bg5 23. f4 Bxf4 24. Bxf4 exf4 25. e5 dxe5 26. Nxe5 Qf6 27. c4 Rd8 28. Nhf3
Nd7 29. Nxd7 Rxd7 30. Re8+ Kg7 31. Rbe1 b6 32. Ne5 Rd6 33. Rf1 Bb7 34. Rxa8
Bxa8 35. Qd4 c5 36. Qxf4 Qxf4 37. Rxf4 f6 38. Nxg6 bxa5 39. Nh4 Rb6 40. Re4 Kf7
41. Nf5 Ng5 42. Re7+ Kf8 43. Ba4 Rb1+ 44. Kh2 Rb8 45. Rc7 Bb7 46. Nd6 Ba6 47.
h4 Rb6 48. Bc6 a4 49. hxg5 fxg5 50. Nf5 a3 51. Nh6 Rxc6 52. Rxc6 Bxc4 53. Rxc5
a2 54. Ra5 Bxd5 55. Nf5 1-0

[Event "Bundesliga 9900"]
[Site "Deutschland"]
[Date "2000.03.13"]
[Round "13.3"]
[White "Nisipeanu, Liviu Dieter"]
[Black "Thesing, Matthias"]
[Result "1-0"]
[WhiteElo "2580"]
[BlackElo "2440"]
[PlyCount "81"]
[EventDate "1999.10.09"]
[EventType "team"]
[EventRounds "15"]
[EventCountry "GER"]
[SourceTitle "Bundesliga 9900"]
[Source "DeepChess"]
[SourceDate "2005.01.01"]
[SourceVersion "1"]
[SourceVersionDate "2005.01.01"]
[SourceQuality "1"]
[WhiteTeam "USC Magdeburg"]
[BlackTeam "PSV Turm Duisburg 1920 e.V."]
[WhiteTeamCountry "GER"]
[BlackTeamCountry "GER"]

1. e4 e6 2. d4 d5 3. Nd2 c5 4. exd5 Qxd5 5. Ngf3 cxd4 6. Bc4 Qd6 7. O-O Nf6 8.
Nb3 Nc6 9. Nbxd4 Nxd4 10. Nxd4 a6 11. a4 Qc7 12. b3 Bd6 13. h3 O-O 14. Bb2 b6
15. Qe2 Bb7 16. Rad1 Rfe8 17. Nf3 Nh5 18. Rd4 Bc5 19. Rg4 g6 20. Ne5 Rad8 21.
Rg5 f6 22. Qxh5 fxg5 23. Qxg5 Bd4 24. Bxd4 Rxd4 25. Re1 Qe7 26. Qg3 Re4 27.
Rxe4 Bxe4 28. Ng4 Bb7 29. Qe5 Qg7 30. Qd6 Qe7 31. Qd4 Qg7 32. Qxb6 h5 33. Ne3
Qa1+ 34. Bf1 Bd5 35. Nxd5 exd5 36. Qxg6+ Kf8 37. Qf5+ Ke7 38. Qxd5 Qe1 39. Qb7+
Kf8 40. Qxa6 Kg7 41. Qd3 1-0

[Event "Bundesliga 9900"]
[Site "Deutschland"]
[Date "2000.03.13"]
[Round "13.4"]
[White "Machelett, Heiko"]
[Black "Baklan, Vladimir"]
[Result "1/2-1/2"]
[WhiteElo "2380"]
[BlackElo "2590"]
[PlyCount "140"]
[EventDate "1999.10.09"]
[EventType "team"]
[EventRounds "15"]
[EventCountry "GER"]
[SourceTitle "Bundesliga 9900"]
[Source "DeepChess"]
[SourceDate "2005.01.01"]
[SourceVersion "1"]
[SourceVersionDate "2005.01.01"]
[SourceQuality "1"]
[WhiteTeam "PSV Turm Duisburg 1920 e.V."]
[BlackTeam "USC Magdeburg"]
[WhiteTeamCountry "GER"]
[BlackTeamCountry "GER"]

1. d4 Nf6 2. c4 c5 3. e3 g6 4. Nc3 Bg7 5. g3 O-O 6. Bg2 Qc7 7. d5 d6 8. Nge2 a6
9. a4 Nbd7 10. O-O e6 11. dxe6 fxe6 12. Nf4 Ne5 13. b3 Bd7 14. Bb2 Rae8 15. Ra2
Bc6 16. e4 Bd7 17. Nd3 Nc6 18. Bc1 Bc8 19. h3 b6 20. Bf4 Rd8 21. Ne2 Bb7 22.
Re1 Qf7 23. Qb1 Nh5 24. Be3 Na5 25. Nef4 Nxf4 26. Nxf4 Nc6 27. Nd3 Bd4 28. Bh6
Rb8 29. Bxf8 Rxf8 30. Rf1 Ne5 31. Nxe5 dxe5 32. Kh2 g5 33. a5 bxa5 34. Rxa5 h5
35. b4 cxb4 36. Qxb4 h4 37. Ra2 g4 38. Qd2 Qf6 39. hxg4 Rf7 40. f3 Rh7 41. Bh3
hxg3+ 42. Kg2 Qh4 43. Rh1 Rf7 44. Qd3 Kg7 45. Rc2 Bc6 46. Ra2 Bb7 47. Rc2 Bc8
48. c5 a5 49. Ra2 Ra7 50. Qb5 Ba6 51. Qb6 Qe7 52. Rc1 a4 53. Kxg3 Bc8 54. Qb4
Be3 55. Rd1 Bxc5 56. Qc4 a3 57. Rc1 Rc7 58. Kg2 Bd6 59. Qf1 Ba6 60. Qd1 Rc4 61.
Rxc4 Bxc4 62. Rd2 a2 63. Rxd6 a1=Q 64. Qxa1 Qxd6 65. Qc1 Qd4 66. Kg3 Kg6 67. g5
Bb3 68. Bg4 Bd1 69. Kg2 Qd3 70. Qb2 Qc2+ 1/2-1/2

[Event "Bundesliga 9900"]
[Site "Deutschland"]
[Date "2000.03.13"]
[Round "13.5"]
[White "Georgiev, Vladimir"]
[Black "Zude, Arno"]
[Result "1-0"]
[WhiteElo "2515"]
[BlackElo "2370"]
[PlyCount "109"]
[EventDate "1999.10.09"]
[EventType "team"]
[EventRounds "15"]
[EventCountry "GER"]
[SourceTitle "Bundesliga 9900"]
[Source "DeepChess"]
[SourceDate "2005.01.01"]
[SourceVersion "1"]
[SourceVersionDate "2005.01.01"]
[SourceQuality "1"]
[WhiteTeam "USC Magdeburg"]
[BlackTeam "PSV Turm Duisburg 1920 e.V."]
[WhiteTeamCountry "GER"]
[BlackTeamCountry "GER"]

1. d4 Nf6 2. c4 e6 3. Nc3 d5 4. cxd5 exd5 5. Bg5 Be7 6. e3 c6 7. Bd3 O-O 8. Qc2
Nbd7 9. Nf3 Re8 10. O-O Nf8 11. Rab1 Bg4 12. Ne5 Bh5 13. b4 a6 14. Bf5 Bg6 15.
a4 N6d7 16. Nxg6 hxg6 17. Bxe7 Qxe7 18. Bxd7 Nxd7 19. b5 axb5 20. axb5 Rec8 21.
Rfc1 Qa3 22. Qb3 Nf6 23. Qxa3 Rxa3 24. bxc6 bxc6 25. h4 Ra5 26. Ne2 Kf8 27. Nf4
c5 28. dxc5 Raxc5 29. Rxc5 Rxc5 30. Rb8+ Ke7 31. Rb7+ Kf8 32. Nd3 Rc4 33. Ne5
Rxh4 34. Rxf7+ Kg8 35. Ra7 g5 36. Nf3 Rg4 37. Nd4 Re4 38. Nf5 Ne8 39. Ne7+ Kh7
40. Nxd5 Re5 41. Re7 Rxd5 42. Rxe8 Kg6 43. Kh2 Rd2 44. Kg3 Ra2 45. Re6+ Kf7 46.
Re4 Kf6 47. Rb4 Rc2 48. Rb6+ Kf7 49. Rb5 Kf6 50. e4 Kg6 51. Rb3 Ra2 52. Re3 Kf6
53. f3 Ke5 54. Re1 Rb2 55. Rg1 1-0

[Event "Bundesliga 9900"]
[Site "Deutschland"]
[Date "2000.03.13"]
[Round "13.6"]
[White "Kummerow, Heiko"]
[Black "Proehl, Holger"]
[Result "1/2-1/2"]
[WhiteElo "2315"]
[BlackElo "2385"]
[PlyCount "33"]
[EventDate "1999.10.09"]
[EventType "team"]
[EventRounds "15"]
[EventCountry "GER"]
[SourceTitle "Bundesliga 9900"]
[Source "DeepChess"]
[SourceDate "2005.01.01"]
[SourceVersion "1"]
[SourceVersionDate "2005.01.01"]
[SourceQuality "1"]
[WhiteTeam "PSV Turm Duisburg 1920 e.V."]
[BlackTeam "USC Magdeburg"]
[WhiteTeamCountry "GER"]
[BlackTeamCountry "GER"]

1. e4 e6 2. d4 d5 3. Nd2 c5 4. Ngf3 Nc6 5. exd5 exd5 6. Bb5 Bd6 7. dxc5 Bxc5 8.
O-O Nge7 9. Nb3 Bd6 10. Re1 O-O 11. Bg5 Bg4 12. Bh4 Qc7 13. Bg3 Rad8 14. c3 Kh8
15. Be2 Bxg3 16. hxg3 Nf5 17. Nfd4 1/2-1/2

[Event "Bundesliga 9900"]
[Site "Deutschland"]
[Date "2000.03.13"]
[Round "13.7"]
[White "Markgraf, Alexander"]
[Black "Schmitz, Joachim"]
[Result "1/2-1/2"]
[WhiteElo "2255"]
[BlackElo "2320"]
[PlyCount "84"]
[EventDate "1999.10.09"]
[EventType "team"]
[EventRounds "15"]
[EventCountry "GER"]
[SourceTitle "Bundesliga 9900"]
[Source "DeepChess"]
[SourceDate "2005.01.01"]
[SourceVersion "1"]
[SourceVersionDate "2005.01.01"]
[SourceQuality "1"]
[WhiteTeam "USC Magdeburg"]
[BlackTeam "PSV Turm Duisburg 1920 e.V."]
[WhiteTeamCountry "GER"]
[BlackTeamCountry "GER"]

1. e4 c6 2. d4 d5 3. e5 Bf5 4. Nf3 e6 5. Be2 c5 6. c4 dxc4 7. Nc3 Nc6 8. Be3
cxd4 9. Nxd4 Nxd4 10. Bxd4 Ne7 11. O-O Nc6 12. Nb5 Bd3 13. Bxd3 cxd3 14. Bc3 a6
15. Nd6+ Bxd6 16. exd6 Qxd6 17. Bxg7 Rg8 18. Bc3 O-O-O 19. Qf3 Qd5 20. Qxd5
Rxd5 21. Rad1 Nd4 22. Bxd4 Rxd4 23. Rfe1 Rg5 24. f3 Ra5 25. a3 Rb5 26. Rd2 Rb3
27. Rc1+ Kb8 28. Kf2 Rd5 29. f4 Rdb5 30. Rb1 Rxa3 31. bxa3 Rxb1 32. Rxd3 Rb2+
33. Kg1 Kc7 34. Rh3 Rb1+ 35. Kf2 Rb2+ 36. Kg1 Kd6 37. Rxh7 Ke7 38. Rh3 b5 39.
Rc3 a5 40. Rc5 Kd6 41. Rc8 a4 42. h4 b4 1/2-1/2

[Event "Bundesliga 9900"]
[Site "Deutschland"]
[Date "2000.03.13"]
[Round "13.8"]
[White "Groth, Klaus Ulrich"]
[Black "Darnstaedt, Frank"]
[Result "0-1"]
[WhiteElo "1873"]
[BlackElo "2340"]
[PlyCount "40"]
[EventDate "1999.10.09"]
[EventType "team"]
[EventRounds "15"]
[EventCountry "GER"]
[SourceTitle "Bundesliga 9900"]
[Source "DeepChess"]
[SourceDate "2005.01.01"]
[SourceVersion "1"]
[SourceVersionDate "2005.01.01"]
[SourceQuality "1"]
[WhiteTeam "PSV Turm Duisburg 1920 e.V."]
[BlackTeam "USC Magdeburg"]
[WhiteTeamCountry "GER"]
[BlackTeamCountry "GER"]

1. c4 Nf6 2. Nc3 d5 3. cxd5 Nxd5 4. g3 Nxc3 5. bxc3 g6 6. Bg2 Bg7 7. Rb1 Nd7 8.
Ba3 O-O 9. Nf3 c5 10. O-O Qa5 11. Qb3 Nb6 12. Bb2 Bf5 13. Ra1 Na4 14. d4 c4 15.
Qa3 Be4 16. Nd2 Bxg2 17. Kxg2 e5 18. e3 exd4 19. exd4 Rfe8 20. Nf3 Bf8 0-1

[Event "Bundesliga 9900"]
[Site "Deutschland"]
[Date "2000.03.13"]
[Round "13.2"]
[White "Babula, Vlastimil"]
[Black "Rustemov, Alexander"]
[Result "1-0"]
[WhiteElo "2573"]
[BlackElo "2553"]
[PlyCount "85"]
[EventDate "1999.10.09"]
[EventType "team"]
[EventRounds "15"]
[EventCountry "GER"]
[SourceTitle "Bundesliga 9900"]
[Source "DeepChess"]
[SourceDate "2005.01.01"]
[SourceVersion "1"]
[SourceVersionDate "2005.01.01"]
[SourceQuality "1"]
[WhiteTeam "SAbt SV Werder Bremen"]
[BlackTeam "SV Wattenscheid 1930"]
[WhiteTeamCountry "GER"]
[BlackTeamCountry "GER"]

1. d4 d5 2. c4 e6 3. Nc3 Be7 4. Nf3 Nf6 5. Bg5 h6 6. Bh4 O-O 7. e3 b6 8. Bd3
Bb7 9. O-O Nbd7 10. Qe2 c5 11. Bg3 cxd4 12. exd4 dxc4 13. Bxc4 a6 14. a4 Nh5
15. d5 Nxg3 16. hxg3 exd5 17. Nxd5 Bd6 18. Rfd1 Nf6 19. Rac1 Re8 20. Ne3 Qe7
21. Bxf7+ Qxf7 22. Rxd6 Rad8 23. Ne5 Qb3 24. Rxd8 Rxd8 25. Rc7 Be4 26. Qxa6
Qxb2 27. Qc4+ Bd5 28. Rxg7+ Kxg7 29. Qc7+ Nd7 30. Qxd8 Qa1+ 31. Kh2 Qxe5 32.
Qxd7+ Bf7 33. Qc6 Qe6 34. Qc3+ Qf6 35. Qd2 Qe5 36. Qb4 Qf6 37. f3 h5 38. Qe4
Be6 39. Qb7+ Bf7 40. Qe4 Be6 41. Nd5 Bxd5 42. Qxd5 Kh6 43. f4 1-0

[Event "Bundesliga 9900"]
[Site "Deutschland"]
[Date "2000.03.13"]
[Round "13.3"]
[White "Ziegler, Ari"]
[Black "Pelletier, Yannick"]
[Result "1/2-1/2"]
[WhiteElo "2370"]
[BlackElo "2475"]
[PlyCount "147"]
[EventDate "1999.10.09"]
[EventType "team"]
[EventRounds "15"]
[EventCountry "GER"]
[SourceTitle "Bundesliga 9900"]
[Source "DeepChess"]
[SourceDate "2005.01.01"]
[SourceVersion "1"]
[SourceVersionDate "2005.01.01"]
[SourceQuality "1"]
[WhiteTeam "SV Wattenscheid 1930"]
[BlackTeam "SAbt SV Werder Bremen"]
[WhiteTeamCountry "GER"]
[BlackTeamCountry "GER"]

1. d4 d5 2. c4 c6 3. Nf3 Nf6 4. e3 e6 5. Nbd2 c5 6. b3 Nc6 7. Bb2 cxd4 8. exd4
dxc4 9. bxc4 Be7 10. Be2 O-O 11. O-O b6 12. Rc1 Bb7 13. Qb3 Rc8 14. Rfd1 Qd6
15. c5 Qc7 16. Ba3 Na5 17. Qa4 Bc6 18. Bb5 Qd7 19. Bxc6 Qxc6 20. Qc2 Nb7 21.
Ne5 Qd5 22. Ndc4 Rfd8 23. Rd3 Nd7 24. Ne3 Qe4 25. f3 Qf4 26. g3 Qf6 27. N3g4
Qf5 28. Ne3 Qf6 29. Nxd7 Rxd7 30. c6 Nd8 31. Bxe7 Rxe7 32. d5 Rec7 33. Qd1 Kf8
34. Rc2 h5 35. f4 g6 36. f5 exf5 37. Re2 b5 38. Qb3 a6 39. Qa3+ Kg7 40. Qxa6
Nb7 41. Qxb5 Nd6 42. Qb2 Re7 43. Qxf6+ Kxf6 44. Kf1 Rce8 45. Re1 Re4 46. Nc2
Ra8 47. a3 Ke5 48. Nb4 Nb5 49. Nc2 Kd6 50. Rb1 Nc7 51. Ne3 Raa4 52. Rb8 Re8 53.
Rxe8 Nxe8 54. Rb3 Nc7 55. Rb8 f4 56. Rd8+ Kc5 57. gxf4 Rxf4+ 58. Ke2 Rh4 59.
Rd7 Nxd5 60. c7 Rxh2+ 61. Kd3 Nb6 62. Nd5 Rh3+ 63. Ke2 Rh2+ 64. Kf1 Rh1+ 65.
Kg2 Rc1 66. Rd8 Kb5 67. Rb8 Ka5 68. Rxb6 Rxc7 69. Rb8 Rc5 70. Ra8+ Kb5 71. a4+
Kc6 72. Ne3 Kb7 73. Rd8 Rc3 74. Kf2 1/2-1/2

[Event "Bundesliga 9900"]
[Site "Deutschland"]
[Date "2000.03.13"]
[Round "13.4"]
[White "Knaak, Rainer"]
[Black "Sjodahl, Pontus"]
[Result "1-0"]
[WhiteElo "2505"]
[BlackElo "2419"]
[PlyCount "63"]
[EventDate "1999.10.09"]
[EventType "team"]
[EventRounds "15"]
[EventCountry "GER"]
[SourceTitle "Bundesliga 9900"]
[Source "DeepChess"]
[SourceDate "2005.01.01"]
[SourceVersion "1"]
[SourceVersionDate "2005.01.01"]
[SourceQuality "1"]
[WhiteTeam "SAbt SV Werder Bremen"]
[BlackTeam "SV Wattenscheid 1930"]
[WhiteTeamCountry "GER"]
[BlackTeamCountry "GER"]

1. d4 Nf6 2. c4 e6 3. Nc3 Bb4 4. Qc2 O-O 5. a3 Bxc3+ 6. Qxc3 Ne4 7. Qc2 f5 8.
Nh3 d6 9. b3 e5 10. Bb2 Qe7 11. O-O-O a5 12. e3 Nc6 13. Bd3 Ng5 14. Nxg5 Qxg5
15. h4 Qh6 16. Kb1 e4 17. Be2 f4 18. Bc1 Bf5 19. Kb2 Qg6 20. Rdg1 h5 21. Qc3
fxe3 22. Bxe3 Kh7 23. g4 Bxg4 24. Bxg4 hxg4 25. h5 Qf5 26. Rh4 Rf7 27. Rhxg4
Re8 28. Qd2 Qxh5 29. Qd1 Qf5 30. Rf4 Qe6 31. Qh5+ Kg8 32. Rg6 1-0